Official TOEFL IBT tests with audio. (Record no. 2806)

MARC details
000 -LEADER
fixed length control field 00512nam a2200193 4500
001 - CONTROL NUMBER
control field 3464
005 - DATE AND TIME OF LATEST TRANSACTION
control field 20181127171241.0
010 00 - LIBRARY OF CONGRESS CONTROL NUMBER
LC control number
020 00 - INTERNATIONAL STANDARD BOOK NUMBER
International Standard Book Number 9780071771269
090 00 - LOCALLY ASSIGNED LC-TYPE CALL NUMBER (OCLC); LOCAL CALL NUMBER (RLIN)
Classification number (OCLC) (R) ; Classification number, CALL (RLIN) (NR) 428.0076 T641o 2013
100 00 - MAIN ENTRY--PERSONAL NAME
Personal name
245 00 - TITLE STATEMENT
Title Official TOEFL IBT tests with audio.
Remainder of title
Statement of responsibility, etc.
Medium
250 00 - EDITION STATEMENT
Edition statement
260 00 - PUBLICATION, DISTRIBUTION, ETC.
Place of publication, distribution, etc. New York :
Name of publisher, distributor, etc. McGraw Hill,
Date of publication, distribution, etc. 2013.
300 00 - PHYSICAL DESCRIPTION
Extent v. : ill. ; 27 cm.
500 00 - GENERAL NOTE
General note
650 00 - SUBJECT ADDED ENTRY--TOPICAL TERM
Topical term or geographic name entry element English language--Examinations --Study guides.
General subdivision
Topical term or geographic name entry element Test of English as a Foreign Language --Study guides.
General subdivision
Holdings
Withdrawn status Lost status Source of classification or shelving scheme Damaged status Not for loan Collection code Home library Current library Shelving location Date acquired Serial Enumeration / chronology Inventory number Total Checkouts Full call number Barcode Date last seen Date last checked out Price effective from Koha item type
    Dewey Decimal Classification     Main TEST RTC Library RTC Library Main opac 03/09/2021 5955 1 428 TOE 30005707 08/06/2022 03/09/2021 27/11/2018 Main
    Dewey Decimal Classification     Desk RTC Library RTC Library Desk       428 TOE 30005769 27/11/2018   27/11/2018 Desk (DVD/CD)
Royal Thimphu College || All Right Reserved